Statystyki dla Kluby Włoskiej Serii A i Serii B

Kliknij tutaj aby rozwiązać quiz!

Ogólne statystyki

  • Ten quiz został rozwiązany 80 razy
  • Średni wynik to 20 z 40

Statystyki odpowiedzi

HintOdpowiedź% Poprawnych
Serie AJuventus
97%
Serie AMilan
96%
Serie AInter Mediolan
94%
Serie ARoma
94%
Serie ANapoli
93%
Serie AFiorentina
82%
Serie ALazio
82%
Serie ATorino
80%
Serie AGenoa
75%
Serie ASampdoria
70%
Serie ABologna
69%
Serie AAtalanta
68%
Serie BParma
68%
Serie AEmpoli
65%
Serie BBenevento
61%
Serie ASassuolo
61%
Serie BAC Monza
58%
Serie AHellas Werona
58%
Serie ACagliari
56%
Serie AUdinese
56%
Serie BLecce
52%
Serie ASalernitana
52%
Serie AVenezia
52%
Serie ASpezia
51%
Serie BBrescia
45%
Serie BSPAL
44%
Serie BFrosinone
35%
Serie BPerugia
31%
Serie BCremonese
27%
Serie BCrotone
25%
Serie BCittadella
21%
Serie BReggina
21%
Serie BVicenza
18%
Serie BPordenone
14%
Serie BTernana
13%
Serie BAscoli Calcio
11%
Serie BCosenza Calcio
10%
Serie BAlessandria
7%
Serie BComo 1907
4%
Serie BAC Pisa 1909
1%

Rozkład punktacji

Percentyl według liczby udzielonych odpowiedzi

Procent ludzi z każdym wynikiem

Twoja historia wyników

Nie rozwiązałeś tego quizu